Vista normal
Vista MARC
Entrada Personal Name
Número de registros utilizados en: 1
001 - CONTROL NUMBER
- control field: 5628
003 - CONTROL NUMBER IDENTIFIER
- control field: OSt
005 - DATE AND TIME OF LATEST TRANSACTION
- control field: 20180716124035.0
008 - FIXED-LENGTH DATA ELEMENTS
- fixed length control field: 170911 a|ac|n|aab||||||||||||a |n|||||||
010 ## - LIBRARY OF CONGRESS CONTROL NUMBER
- LC control number: 2010082359
040 ## - CATALOGING SOURCE
- Original cataloging agency: DLC
- Language of cataloging: spa
- Description conventions: rda
- Transcribing agency: Mx-PuUPA
- Modifying agency: DLC
100 1# - HEADING--PERSONAL NAME
- Personal name: Rivera Luna, Roberto,
375 ## - GENDER
- Gender: hombre
377 ## - ASSOCIATED LANGUAGE
- Language code: spa
- Source of code: MARC code list for languages
400 1# - SEE FROM TRACING--PERSONAL NAME
- Personal name: Luna, Roberto Rivera
670 ## - SOURCE DATA FOUND
- Source citation: Hemato-oncología pediátrica, 2006: |b t.p. (Roberto Rivera Luna)
670 ## - SOURCE DATA FOUND
- Source citation: Biblioteca del congreso (Estados Unidos), 11 septiembre 2017:
- Information found: catálogo electrónico
- Uniform Resource Identifier: https://goo.gl/9HfFpR